| 000 | 01333cam a2200277 4500 | ||
|---|---|---|---|
| 001 | ABS63470 | ||
| 008 | 000000n2001 000 0 eng u | ||
| 035 | _a(Sirsi) u110524 | ||
| 100 | _aFan, L. | ||
| 245 | 2 | _aA study of quantity surveyors' ethical behaviour | |
| 260 | _c2001 | ||
| 490 |
_aConstruction Management and Economics _v19(1) January 2001, 19-36(18) |
||
| 520 | _aDiscusses contemporary theories of ethics and their origins and definitions and how they can be applied to the surveying profession. The results of a questionnaire sent to members of the Hong Kong Institute of Surveyors (HKIS), which demonstrate that there is a discrepancy between the standards of professional ethics of senior and junior surveyors and between the expectations of the general public and surveyors, are discussed. Concludes that the findings will enable better rules of conduct to be drafted in the future. Includes the questionnaire form, references and statistical data. | ||
| 590 | _aABS | ||
| 650 | _aCODE OF CONDUCT | ||
| 650 | _aETHICS | ||
| 650 | _aHONG KONG INSTITUTE OF SURVEYORS | ||
| 650 | _aPROFESSIONAL CONDUCT | ||
| 650 | _aPROFESSIONAL ETHICS | ||
| 650 | _aQUANTITY SURVEYORS | ||
| 650 | _aSURVEYING PROFESSION | ||
| 690 | _aPROFESSIONAL PRACTICE | ||
| 700 | _aHo, C. | ||
| 700 | _aNg, V. | ||
| 942 | _n0 | ||
| 999 |
_c65882 _d65882 |
||